000
00255nam a2200109Ia 4500
008
190907s9999||||xx |||||||||||||| ||und||
100
_a
Darrel Bristow
245
0
_a
I Moved Your Cheese
260
_a
New Jersey
_b
Thomson
_c
2003
300
_a
96
942
_c
BK
999
_c
6550
_d
6550